Christopher Columbus, cosmographer (Record no. 85646)
[ view plain ]
| 000 -LEADER | |
|---|---|
| fixed length control field | 00876cam a2200229 4500 |
| 001 - CONTROL NUMBER | |
| control field | ##L1210 |
| 008 - FIXED-LENGTH DATA ELEMENTS--GENERAL INFORMATION | |
| fixed length control field | 090401t1987 xxu||||| |||| 00| 0 eng d |
| 020 ## - INTERNATIONAL STANDARD BOOK NUMBER | |
| International Standard Book Number | 0910845328 |
| 035 ## - SYSTEM CONTROL NUMBER | |
| System control number | (Sirsi) u1210 |
| 041 0# - LANGUAGE CODE | |
| Language code of text/sound track or separate title | eng |
| 050 04 - LIBRARY OF CONGRESS CALL NUMBER | |
| Classification number | 526.09 $2 18 |
| 100 ## - MAIN ENTRY--PERSONAL NAME | |
| Personal name | Kravath, Fred F. |
| 245 00 - TITLE STATEMENT | |
| Title | Christopher Columbus, cosmographer |
| Remainder of title | a history of metrology, geodesy, geography and exploration from antiquity to the Columbian era |
| 260 ## - PUBLICATION, DISTRIBUTION, ETC. | |
| Place of publication, distribution, etc. | Rancho Cordova, Ca |
| Name of publisher, distributor, etc. | Landmark Enterprises |
| Date of publication, distribution, etc. | 1987 |
| 300 ## - PHYSICAL DESCRIPTION | |
| Extent | xxv,359p. |
| Other physical details | ill |
| Dimensions | 28cm. |
| 350 ## - PRICE (NR) (BK AM CF MU VM SE) [OBSOLETE] | |
| Price | 15.95 |
| 520 ## - SUMMARY, ETC. | |
| Summary, etc. | Critique of Christopher Columbus's geographic and geodetic views of the earth developed during the period 1472-1484 when he gained his inital experience as a seaman and navigator. |
| 650 24 - SUBJECT ADDED ENTRY--TOPICAL TERM | |
| Topical term or geographic name entry element | COLUMBUS CHRISTOPHER |
| 690 ## - LOCAL SUBJECT ADDED ENTRY--TOPICAL TERM (OCLC, RLIN) | |
| Topical term or geographic name as entry element | ENVIRONMENTAL AND LAND CONSULTANCY-GEOMATICS |
| 942 ## - ADDED ENTRY ELEMENTS (KOHA) | |
| Suppress in OPAC | 0 |
| 948 ## - LOCAL PROCESSING INFORMATION (OCLC); SERIES PART DESIGNATOR (RLIN) | |
| c (OCLC) | 04/03/1997 |
| Withdrawn status | Lost status | Source of classification or shelving scheme | Damaged status | Not for loan | Home library | Current library | Shelving location | Date acquired | Cost, normal purchase price | Total Checkouts | Full call number | Barcode | Date last seen | Copy number | Cost, replacement price | Price effective from | Koha item type |
|---|---|---|---|---|---|---|---|---|---|---|---|---|---|---|---|---|---|
| Dewey Decimal Classification | Archives | Archives | Basement | 14/08/1991 | 15.95 | F526.09 | 30003989 | 26/04/2024 | 1 | 15.95 | 06/08/2019 | Book |